Project organizing and its impact - A festschrift for Hans Georg Gemunden (Record no. 512373)

000 -LEADER
fixed length control field 00463nam a2200145 4500
008 - FIXED-LENGTH DATA ELEMENTS--GENERAL INFORMATION
fixed length control field 191120b ||||| |||| 00| 0 eng d
100 ## - MAIN ENTRY--PERSONAL NAME
Personal name Kock, Alexander
245 ## - TITLE STATEMENT
Title Project organizing and its impact - A festschrift for Hans Georg Gemunden
260 ## - PUBLICATION, DISTRIBUTION, ETC. (IMPRINT)
Name of publisher, distributor, etc Project Management Journal
300 ## - PHYSICAL DESCRIPTION
Extent 50(4), 2019: p.395-397.
700 ## - ADDED ENTRY--PERSONAL NAME
Personal name Aubry, Monique
9 (RLIN) 13556
773 ## - HOST ITEM ENTRY
Main entry heading Project Management Journal
906 ## - LOCAL DATA ELEMENT F, LDF (RLIN)
Subject DIP Project management
942 ## - ADDED ENTRY ELEMENTS (KOHA)
Source of classification or shelving scheme
Item type Articles
Holdings
Withdrawn status Lost status Source of classification or shelving scheme Damaged status Not for loan Permanent location Current location Date acquired Serial Enumeration / chronology Barcode Date last seen Koha item type
          Indian Institute of Public Administration Indian Institute of Public Administration 2019-11-20 50(4), 2019: p.395-397. AR121765 2019-11-20 Articles

Powered by Koha